000 00668nam a2200253Ia 4500
003 OSt
005 20220918224529.0
006 a|||||r|||| 00| 0
007 ta
008 220917b |||||||| |||| 00| 0 eng d
024 _a229,822
037 _cTextual
040 _aARTS
_cARTS
_beng
041 _2eng
_aeng
082 _aV1.G<-D, P6
100 _aJaspert Nikolas
_9148282
245 0 _aCrusades
260 _aNew York
_bRoutledge
_c2006
300 _ax, 193p
_ccm.
650 _aHISTORY
700 _a Jestice Phyllis G Tr.
_9148283
942 _hV1.G<-D, P6
_cTEXL
_2CC
999 _c281547
_d281547